Finančníci prahnú po ziskoch z Východu

Medzi slovenskými finančnými skupinami rastie záujem o čoraz solventnejších Rusov či Ukrajincov. Podnikateľská klíma týchto krajín sa podobá slovenskej realite spred desiatich rokov. Záujem má J&T Finance Group, Penta Investments, Arca Capital i Slavia Capital. Ich plány.

Saved in:
Bibliographic Details
Main Author: Haluza, Ivan
Format: Book Chapter
Language:Slovak
Subjects:
Tags: Add Tag
No Tags, Be the first to tag this record!

MARC

LEADER 00000naa$a2200000$$$4500
001 0054928
005 20231009072830.8
041 0 |a slo 
044 |a SK 
245 1 0 |a Finančníci prahnú po ziskoch z Východu  |c Ivan Haluza 
520 |a Medzi slovenskými finančnými skupinami rastie záujem o čoraz solventnejších Rusov či Ukrajincov. Podnikateľská klíma týchto krajín sa podobá slovenskej realite spred desiatich rokov. Záujem má J&T Finance Group, Penta Investments, Arca Capital i Slavia Capital. Ich plány. 
610 2 0 |a Slovensko 
610 2 0 |a financie 
610 2 0 |a financovanie investícií 
610 2 0 |a investície v zahraničí 
610 2 0 |a Rusko 
610 2 0 |a Ukrajina 
610 2 0 |a prostredie podnikateľské 
100 1 |a Haluza, Ivan